Countries whose Closest Country is in a different continent (by Geographical Center) - Statistics

General Stats
  • This quiz has been taken 305 times
  • The average score is 12 of 18
Answer Stats
Country % Correct
Egypt
83%
Israel
78%
Morocco
72%
Libya
71%
Malta
71%
Malta
71%
Malta
71%
Tunisia
71%
Tunisia
71%
Australia
69%
Portugal
68%
Venezuela
63%
East Timor
62%
Trinidad and Tobago
59%
Yemen
59%
Djibouti
56%
Philippines
43%
Palau
40%
No matching quizzes found
Score Distribution
Percent of People with Each Score
Percentile by Number Answered
Your Score History
You have not taken this quiz